000 00419nam a2200181Ia 4500
001 10190
005 20260306161813.0
008 260306t2010||||xx |||||||||||||| ||spa||
041 _aESP
082 _a909
_bC71
100 _aClottes, Jean
_eAUT
245 0 _aLos chamanes de la prehistoria
260 _c2010
300 _a184 páginas :
_c24 cm.
650 _aGEN
654 _aCHU
942 _cLIB
_dJUS
_fJUS
_2ddc
_n
999 _c10190
_d10190